Nghiên cứu hoạt tính chống oxy hóa và bảo vệ gan in vitro của các dịch chiết từ cây phèn đen (Phyllanthus reticulates poir.) /

Guardado en:
Detalles Bibliográficos
Autor principal: Nguyễn Thị Cúc.
Otros Autores: Đỗ Thị Phương., Đỗ Thị Thảo., Nguyễn Công Thùy Trâm., Nguyễn Thị Nga., Truan, Gilles., Vũ Thị Thu Phương.
Formato: Artículo
Lenguaje:Vietnamese
Materias:
Etiquetas: Agregar Etiqueta
Sin Etiquetas, Sea el primero en etiquetar este registro!
Thư viện lưu trữ: Thư viện Trường Đại học Đà Lạt
LEADER 01207nam a2200373 4500
001 DLU210195569
005 ##20210107
040 # # |a DLU  |b vie 
041 # # |a vie 
044 # # |a vn 
100 # # |a Nguyễn Thị Cúc. 
245 # # |a Nghiên cứu hoạt tính chống oxy hóa và bảo vệ gan in vitro của các dịch chiết từ cây phèn đen (Phyllanthus reticulates poir.) /  |c Nguyễn Thị Cúc, ...[và những người khác]. 
653 # # |a Cytochrome P450 
653 # # |a DPPH 
653 # # |a Enzyme CPR 
653 # # |a In vitro 
653 # # |a Peroxy hóa lipid 
653 # # |a Phyllanthus reticulatus Poir 
700 # # |a Đỗ Thị Phương. 
700 # # |a Đỗ Thị Thảo. 
700 # # |a Nguyễn Công Thùy Trâm. 
700 # # |a Nguyễn Thị Nga. 
700 # # |a Truan, Gilles. 
700 # # |a Vũ Thị Thu Phương. 
773 # # |t Tạp chí Công nghệ Sinh học  |g Số 15(2), 2017, tr. 251-258 
920 # # |a Phòng Tạp chí -- Trung tâm Thông tin - Thư viện Trường Đại học Đà Lạt 
994 # # |a DLU 
900 # # |a True 
911 # # |a Hoàng Thị Huyền 
925 # # |a G 
926 # # |a A 
927 # # |a BB 
980 # # |a Thư viện Trường Đại học Đà Lạt